Traducción del Nuevo Mundo de las Santas Escrituras / (Registro nro. 62377)

Detalles MARC
000 -LEADER
campo de control de longitud fija 00904nam a22002057a 4500
003 - IDENTIFICADOR DE NÚMERO DE CONTROL
campo de control PE-LiUPU
005 - FECHA Y HORA DE LA ÚLTIMA TRANSACCIÓN
campo de control 20240416171442.0
008 - DATOS DE LONGITUD FIJA--INFORMACIÓN GENERAL
campo de control de longitud fija 240416b |||||||| |||| 00| 0 spa d
020 ## - NÚMERO INTERNACIONAL ESTÁNDAR DEL LIBRO
Número Internacional Estándar del Libro 85-7392-399-7
040 ## - FUENTE DE CATALOGACIÓN
Centro catalogador/agencia de origen PE-LiUPU
Lengua de catalogación spa
Centro/agencia transcriptor PE-LiUPU
Normas de descripción rda
082 ## - NÚMERO DE LA CLASIFICACIÓN DECIMAL DEWEY
Número de edición 23
Número de clasificación 220
245 ## - MENCIÓN DEL TÍTULO
Título Traducción del Nuevo Mundo de las Santas Escrituras /
Mención de responsabilidad, etc. Testigos de Jehová
250 ## - MENCION DE EDICION
Mención de edición Tercera edición
264 ## - PRODUCCIÓN, PUBLICACIÓN, DISTRIBUCIÓN, FABRICACIÓN Y COPYRIGHT
Producción, publicación, distribución, fabricación y copyright Brasil ;
Nombre del de productor, editor, distribuidor, fabricante Watch Tower Bible and Track Society of Pennsylvania,
Fecha de producción, publicación, distribución, fabricación o copyright 1987.
300 ## - DESCRIPCIÓN FÍSICA
Extensión 1659 páginas :
Dimensiones 17 centímetros
500 ## - NOTA GENERAL
Nota general Una traducción revisada basada en la versión de 1984 en inglés, pero consultando fielmente los antiguos textos hebreos y griego. Incluye prólogo, tabla de los libros de la Biblia e índice de palabras bíblicas.
710 ## - ENTRADA AGREGADA--NOMBRE DE ENTIDAD CORPORATIVA
Nombre de entidad corporativa o nombre de jurisdicción como elemento de entrada Comité del Nuevo Mundo
9 (RLIN) 3957
Término indicativo de función/relación traductor.
710 ## - ENTRADA AGREGADA--NOMBRE DE ENTIDAD CORPORATIVA
Nombre de entidad corporativa o nombre de jurisdicción como elemento de entrada Watch Tower Bible and Track Society
Término indicativo de función/relación editor.
9 (RLIN) 3958
942 ## - ELEMENTOS DE ENTRADA SECUNDARIOS (KOHA)
Fuente del sistema de clasificación o colocación Clasificación Decimal Dewey
Tipo de ítem Koha Libros físicos
Suprimir en OPAC No
980 ## - EQUIVALENCIA O REFERENCIA-CRUZADA-MENCIÓN DE SERIE--NOMBRE DE PERSONA/TÍTULO [LOCAL, CANADÁ]
ID del usuario creador del registro 18228
Nombre del creador del registro Christian Lazo Analista Documental
ID del último usuario que modificó el registro 18228
Nombre del último usuario que modificó el registro Christian Lazo Analista Documental

No hay ítems disponibles.